000
00206 a2200097 4500
001
5227
100
_a
dirac,PAM
245
_a
Principles of quantum mechanics
260
_a
_b
Oxford
_c
090
_c
4345
_d
4345
942
_a
NUST-CAE
_c
M
_c
30651
999
_c
240300
_d
240300